000 00621nam a2200181Ia 4500
008 100921s9999 xx 000 0 und d
082 _b21286
_a891.463 थ 89
100 _aबागुल चारूदत्त.
245 _aखंडणी.
260 _bमुक्ता प्रकाशन,मुंबई.
_c1989
300 _a131
_bशिल्पा बुक सर्व्हिस,तळेगांव दाभाडे
365 _b35
520 _aललित-कथा.
630 _aखंडणी.
650 _aललित-कथा.
730 _aखंडणी.
942 _cBOOK
999 _c770399
_d770396